[Event "Guernsey Open"]
[Site "Guernsey GCI"]
[Date "2004.10.08"]
[Round "6"]
[White "Ruston, Mark"]
[Black "Heath, Jeffrey"]
[Result "1-0"]
[WhiteElo "2114"]
[BlackElo "2019"]
[PlyCount "79"]
[EventDate "2004.10.03"]
[SourceDate "2004.10.10"]

1. e4 c5 2. Nc3 Nc6 3. g3 g6 4. Bg2 Bg7 5. d3 d6 6. Be3 e5 7. Nd5 f6 8. Qd2
Nge7 9. Ne2 Nxd5 10. exd5 Ne7 11. Bh6 O-O 12. Bxg7 Kxg7 13. O-O b5 14. f4 Rb8
15. c4 b4 16. fxe5 fxe5 17. Rxf8 Qxf8 18. Rf1 Qe8 19. Qg5 Ng8 20. b3 Qe7 21.
Qe3 Bd7 22. h3 Rf8 23. Ra1 Bc8 24. Kh2 a5 25. Ng1 Qd8 26. Nf3 h6 27. Nd2 Nf6
28. a3 Rf7 29. axb4 axb4 30. Ra8 Qc7 31. Be4 Qd7 32. g4 Bb7 33. Ra1 Nxe4 34.
Nxe4 Rf4 35. Ra7 Rf7 36. Rxb7 Qxb7 37. Nxd6 Qe7 38. Nxf7 Kxf7 39. Qxh6 Qf6 40.
Qe3 1-0

[Event "Guernsey Open"]
[Site "Guernsey GCI"]
[Date "2004.10.08"]
[Round "6"]
[White "Downey, Keith A"]
[Black "Goris Schouwstra, A."]
[Result "1-0"]
[WhiteElo "1821"]
[BlackElo "1897"]
[PlyCount "81"]
[EventDate "2004.10.03"]
[SourceDate "2004.10.10"]

1. c4 e6 2. Nf3 d5 3. d4 Be7 4. g3 c6 5. Bg2 Nf6 6. Qc2 O-O 7. Nbd2 dxc4 8.
Nxc4 Nbd7 9. O-O h6 10. Rd1 Nb6 11. b3 Nxc4 12. bxc4 Bd7 13. Rb1 b6 14. e4 Rc8
15. h3 c5 16. e5 Nh7 17. d5 exd5 18. cxd5 Qe8 19. Re1 c4 20. Bb2 Bb4 21. Bc3
Bxc3 22. Qxc3 Bf5 23. Rb2 Bd3 24. Nd4 Qd7 25. Kh2 Rfe8 26. f4 Nf8 27. Rd1 Qa4
28. Rdd2 Qd7 29. Rf2 Ng6 30. Nb5 Rc5 31. Nd6 Rf8 32. f5 Ne7 33. f6 gxf6 34. Qc1
fxe5 35. Qxh6 Ng6 36. Ne4 Bxe4 37. Bxe4 Qd6 38. h4 c3 39. Rbc2 Rc4 40. Bf5 Qxd5
41. Bxg6 1-0

[Event "Guernsey Open"]
[Site "Guernsey GCI"]
[Date "2004.10.08"]
[Round "6"]
[White "Goldberg, Menashe"]
[Black "Twitchell, DJ."]
[Result "0-1"]
[WhiteElo "2005"]
[BlackElo "1792"]
[PlyCount "46"]
[EventDate "2004.10.03"]
[SourceDate "2004.10.10"]

1. d4 d5 2. e4 dxe4 3. Nc3 e5 4. dxe5 Qxd1+ 5. Nxd1 Nc6 6. Bf4 Nge7 7. Bb5 Bd7
8. Ne3 Ng6 9. Bxc6 Bxc6 10. Bg3 O-O-O 11. Ne2 h5 12. h4 Re8 13. O-O-O Nxe5 14.
Bxe5 Rxe5 15. Nd4 Bc5 16. Nxc6 bxc6 17. Rh3 f5 18. g3 Rf8 19. Nc4 Re6 20. Rh2
f4 21. gxf4 Rxf4 22. Rd2 Ref6 23. Ne3 Rxf2 0-1

[Event "Guernsey Open"]
[Site "Guernsey GCI"]
[Date "2004.10.09"]
[Round "7"]
[White "Johansson, Toni"]
[Black "Bellin, Robert"]
[Result "0-1"]
[WhiteElo "2123"]
[BlackElo "2383"]
[PlyCount "59"]
[EventDate "2004.10.03"]
[SourceDate "2004.10.10"]

1. c4 e6 2. g3 d5 3. Bg2 Nf6 4. Nf3 dxc4 5. Qa4+ Nbd7 6. O-O a6 7. Ne5 Rb8 8.
Nxd7 Bxd7 9. Qxc4 Bb5 10. Qb3 Bxe2 11. Re1 Bb5 12. Nc3 Bd7 13. d4 Be7 14. d5
O-O 15. Bg5 Nxd5 16. Bxe7 Nxe7 17. Rad1 Qe8 18. Bh3 Kh8 19. Rd4 Bc6 20. Rh4 Ng6
21. Rh5 Bf3 22. Rc5 Qd8 23. Re3 b6 24. Rc4 Bb7 25. Rg4 Qd6 26. Ne4 Qd5 27. Qc3
Rbd8 28. Rg5 Qd4 29. Qxd4 Rxd4 30. Rh5 0-1

[Event "Guernsey Open"]
[Site "Guernsey GCI"]
[Date "2004.10.09"]
[Round "7"]
[White "Hillarp Persson, Tiger"]
[Black "Rosen, Daniel B"]
[Result "1-0"]
[WhiteElo "2523"]
[BlackElo "2165"]
[PlyCount "43"]
[EventDate "2004.10.03"]
[SourceDate "2004.10.10"]

1. e4 e6 2. Qe2 b6 3. Nf3 Bb7 4. g3 Nf6 5. d3 d5 6. e5 Nfd7 7. Bg2 Be7 8. h4
Nc6 9. O-O Nf8 10. c4 Qd7 11. Nc3 d4 12. Ne4 O-O-O 13. a3 f6 14. b4 Ng6 15.
exf6 gxf6 16. b5 Nce5 17. Nxe5 Nxe5 18. a4 Rdg8 19. a5 f5 20. axb6 fxe4 21.
bxa7 Ba8 22. Qxe4 1-0

[Event "Guernsey Open"]
[Site "Guernsey GCI"]
[Date "2004.10.09"]
[Round "7"]
[White "Burrows, Martin"]
[Black "Shabtai, Ran"]
[Result "1/2-1/2"]
[WhiteElo "2201"]
[BlackElo "2268"]
[PlyCount "49"]
[EventDate "2004.10.03"]
[SourceDate "2004.10.10"]

1. e4 e6 2. d4 d5 3. Nc3 Bb4 4. e5 c5 5. a3 Bxc3+ 6. bxc3 Qc7 7. Nf3 Ne7 8. h4
b6 9. h5 h6 10. a4 Ba6 11. Bb5+ Bxb5 12. axb5 a5 13. bxa6 Rxa6 14. Rxa6 Nxa6
15. Qd3 Nb8 16. O-O O-O 17. dxc5 bxc5 {(=)} 18. g4 Nd7 19. Re1 f6 20. exf6 Nxf6
21. Qa6 Nc6 22. Rxe6 Nd8 23. Ne5 Nxe6 24. Qxe6+ Kh7 25. Qf5+ 1/2-1/2

[Event "Guernsey Open"]
[Site "Guernsey GCI"]
[Date "2004.10.09"]
[Round "7"]
[White "Corkett, Anthony R"]
[Black "Taylor, Mark V"]
[Result "1-0"]
[WhiteElo "2310"]
[BlackElo "2105"]
[PlyCount "39"]
[EventDate "2004.10.03"]
[SourceDate "2004.10.10"]

1. c4 e6 2. Nf3 f5 3. Nc3 Nf6 4. d3 b6 5. g3 Bb7 6. Bg2 Bb4 7. Bd2 O-O 8. a3
Bxc3 9. Bxc3 d6 10. O-O Nbd7 11. b4 e5 12. Nxe5 Bxg2 13. Nxd7 Bxf1 14. Nxf8
Bxe2 15. Qxe2 Kxf8 16. Qf3 Qc8 17. Bxf6 gxf6 18. Re1 Rb8 19. Qh5 Kg8 20. Re7
1-0

[Event "Guernsey Open"]
[Site "Guernsey GCI"]
[Date "2004.10.09"]
[Round "7"]
[White "Havenaar, Jan"]
[Black "Clark, Ian C"]
[Result "1-0"]
[WhiteElo "2169"]
[BlackElo "2109"]
[PlyCount "49"]
[EventDate "2004.10.03"]
[SourceDate "2004.10.10"]

1. Nc3 c5 2. Nf3 Nc6 3. d4 cxd4 4. Nxd4 g6 5. g3 Bg7 6. Nxc6 bxc6 7. Bg2 Rb8 8.
O-O Ba6 9. Ne4 Nf6 10. Nc5 Bc4 11. Be3 Rxb2 12. Nb3 Nh5 13. Bd4 Bxe2 14. Qxe2
Bxd4 15. Nxd4 Rb6 16. Rfe1 e6 17. c4 O-O 18. c5 Rb4 19. Rad1 Qa5 20. Qe5 Rc8
21. Bf3 Ng7 22. Nb3 Qc7 23. Qc3 Rcb8 24. Nd2 Nf5 25. Ne4 1-0

[Event "Guernsey Open"]
[Site "Guernsey GCI"]
[Date "2004.10.09"]
[Round "7"]
[White "Lock, Gavin R"]
[Black "Wismayer, Clive R"]
[Result "1-0"]
[WhiteElo "2158"]
[BlackElo "2129"]
[PlyCount "65"]
[EventDate "2004.10.03"]
[SourceDate "2004.10.10"]

1. Nf3 d5 2. d4 Nc6 3. c4 e5 4. dxe5 Bb4+ 5. Bd2 dxc4 6. Qa4 Bxd2+ 7. Nbxd2
Nge7 8. g3 O-O 9. Bg2 a6 10. Qxc4 Be6 11. Qc5 b6 12. Qc1 Qd7 13. a3 Rad8 14. b4
Ng6 15. Qc3 Ncxe5 16. O-O f6 17. Rac1 Rf7 18. Qa1 Qd5 19. Ng5 Qxd2 20. Nxe6
Rdd7 21. Rfd1 Qxe2 22. Nd4 Qh5 23. Qc3 Nf8 24. h3 f5 25. f4 Neg6 26. Nf3 h6 27.
Rxd7 Rxd7 28. Qc4+ Kh7 29. Kh2 Ne7 30. Qxa6 Ne6 31. Qe2 Rd6 32. Ng5+ Kg6 33.
Bf3 1-0

[Event "Guernsey Open"]
[Site "Guernsey GCI"]
[Date "2004.10.09"]
[Round "7"]
[White "Rowe, Peter"]
[Black "De Kruif, Kees"]
[Result "1-0"]
[WhiteElo "2085"]
[BlackElo "2056"]
[PlyCount "101"]
[EventDate "2004.10.03"]
[SourceDate "2004.10.10"]

1. d4 Nf6 2. Nf3 g6 3. Bf4 Bg7 4. e3 d6 5. h3 b6 6. Be2 Bb7 7. O-O O-O 8. Nbd2
c5 9. c3 Nbd7 10. a4 cxd4 11. exd4 Qc7 12. a5 bxa5 13. Qa4 Rab8 14. Rfb1 Nd5
15. Bh2 Rfc8 16. Qxa5 N5b6 17. Qg5 Bxf3 18. Nxf3 Bf6 19. Qa5 Ra8 20. Nd2 Nb8
21. Ne4 Bg7 22. Bf3 Nc6 23. Qb5 Nd7 24. Nc5 Qb6 25. Bxc6 Rxc6 26. Qxb6 Nxb6 27.
Nd3 Nc8 28. Ra5 Rb8 29. Rba1 Rc7 30. Bf4 Kf8 31. d5 Rbb7 32. Be3 Ke8 33. R1a2
Kd7 34. Nb4 e6 35. Kf1 Nb6 36. Bxb6 axb6 37. Ra8 exd5 38. Nxd5 Rc5 39. Nb4 h5
40. Rg8 Bf6 41. Raa8 Ra5 42. Raf8 Ke6 43. Ke2 Ra1 44. Re8+ Be7 45. Rb8 Raa7 46.
Rge8 Kd7 47. Nd5 Rxb8 48. Rxb8 Kc6 49. c4 Bg5 50. Rxb6+ Kc5 51. Kd3 1-0

[Event "Guernsey Open"]
[Site "Guernsey GCI"]
[Date "2004.10.09"]
[Round "7"]
[White "Von Saldern, Ruediger"]
[Black "Thurlow, Kevin J"]
[Result "1/2-1/2"]
[WhiteElo "2097"]
[BlackElo "2145"]
[PlyCount "77"]
[EventDate "2004.10.03"]
[SourceDate "2004.10.10"]

1. d4 Nf6 2. Nf3 e6 3. c4 b6 4. Nc3 Bb7 5. Bg5 d5 6. cxd5 exd5 7. e3 Be7 8. Bd3
O-O 9. O-O h6 10. Bh4 Ne4 11. Bxe7 Qxe7 12. Rc1 Nd7 13. Re1 f5 14. Qb3 Ndf6 15.
Ne5 c5 16. Bxe4 fxe4 17. Ng6 Qd6 18. Nxf8 Ng4 19. g3 Rxf8 20. dxc5 Qe6 21. Rc2
Ne5 22. Kg2 Nf3 23. Rh1 Nh4+ 24. gxh4 Qg4+ 25. Kf1 Ba6+ 26. Ke1 Bc4 27. Qb4 Qg2
28. Nd1 Qxh1+ 29. Kd2 Bd3 30. cxb6 Bxc2 31. Kxc2 Rc8+ 32. Kd2 Qf1 33. b7 Qd3+
34. Ke1 Rc2 35. b8=Q+ Kh7 36. Q8b5 Re2+ 37. Kf1 Qxd1+ 38. Kg2 Rc2 39. Qf1
1/2-1/2

[Event "Guernsey Open"]
[Site "Guernsey GCI"]
[Date "2004.10.09"]
[Round "7"]
[White "Reijneveld, Ad"]
[Black "Tan, H B."]
[Result "1-0"]
[WhiteElo "2203"]
[BlackElo "2121"]
[PlyCount "59"]
[EventDate "2004.10.03"]
[SourceDate "2004.10.10"]

1. Nc3 c5 2. Nf3 Nf6 3. d4 cxd4 4. Nxd4 g6 5. e4 d6 6. Be2 Bg7 7. O-O O-O 8.
Bg5 Nc6 9. Nb3 a5 10. a4 Be6 11. f4 Re8 12. Kh1 Nb4 13. Nd2 Qd7 14. Bd3 Nxd3
15. cxd3 Ng4 16. f5 gxf5 17. exf5 Bxf5 18. Nd5 Rac8 19. Nc4 Qe6 20. Nf4 Qd7 21.
Nb6 Qc6 22. Nxc8 Qxc8 23. Rc1 Qd7 24. Nd5 f6 25. Bh4 Ne5 26. Rc7 Qe6 27. Rxe7
Rxe7 28. Nxe7+ Qxe7 29. Rxf5 Qd7 30. Rf1 1-0

[Event "Guernsey Open"]
[Site "Guernsey GCI"]
[Date "2004.10.09"]
[Round "7"]
[White "Goris, Ton"]
[Black "Ballon, Guenther Jan"]
[Result "1/2-1/2"]
[WhiteElo "2072"]
[BlackElo "2195"]
[PlyCount "60"]
[EventDate "2004.10.03"]
[SourceDate "2004.10.10"]

1. e4 e5 2. Nf3 d6 3. d4 Nd7 4. Bc4 c6 5. a4 Be7 6. O-O Ngf6 7. Nc3 O-O 8. Be3
Qc7 9. Qe2 b6 10. d5 c5 11. Nd2 Ne8 12. Ba6 g6 13. Bxc8 Qxc8 14. Bh6 Ng7 15.
Nc4 a6 16. f4 exf4 17. Bxf4 Qc7 18. e5 Nxe5 19. Nxe5 dxe5 20. Qxe5 Qxe5 21.
Bxe5 Ne8 22. a5 f6 23. Bg3 b5 24. Ne4 f5 25. d6 Bf6 26. Nxc5 Bd4+ 27. Bf2 Bxf2+
28. Rxf2 Nxd6 29. Re2 Rfc8 30. Rd1 Rxc5 1/2-1/2

[Event "Guernsey Open"]
[Site "Guernsey GCI"]
[Date "2004.10.09"]
[Round "7"]
[White "Gruettner, Ralf"]
[Black "Taylor, RP."]
[Result "1-0"]
[WhiteElo "2056"]
[BlackElo "1640"]
[PlyCount "121"]
[EventDate "2004.10.03"]
[SourceDate "2004.10.10"]

1. e4 e5 2. Nc3 Bc5 3. Bc4 Nf6 4. d3 O-O 5. Bg5 c6 6. Qd2 b5 7. Bb3 d6 8. a4 b4
9. Nd1 a5 10. Ne3 Be6 11. Nc4 Nbd7 12. Ne2 Qc7 13. O-O Rfe8 14. Ng3 Ng4 15. h3
Ngf6 16. Kh2 Rac8 17. f4 exf4 18. Bxf4 Ne5 19. Bxe5 dxe5 20. Qg5 Nd7 21. Nh5
Bf8 22. Ne3 Qd8 23. Qg3 Bxb3 24. cxb3 Re6 25. Qf3 Nf6 26. Nc4 Qc7 27. Nxf6+
Rxf6 28. Qg3 Rg6 29. Qe3 c5 30. Rf5 f6 31. Qe2 Rd8 32. Ne3 Qc8 33. Raf1 Rd4 34.
Nd5 Qa6 {(=)} 35. R5f3 Bd6 36. Kh1 Bf8 37. g4 Qe6 38. Rg1 Rh6 39. Qf1 Rxd5 40.
exd5 Qxd5 41. Qg2 Qxb3 42. Rg3 Qe6 43. Qe4 Kh8 44. Rf1 g5 45. Rgf3 Qd6 46. b3
Kg7 47. Qb7+ Be7 48. Kg2 Kf7 49. Qb5 Bd8 50. Qc4+ Kg7 51. Rf5 Rg6 52. Rc1 Bb6
53. d4 exd4 54. Re1 Bc7 55. Qd3 Qh2+ 56. Kf1 Bg3 57. Re7+ Kh6 58. Qf3 Qxh3+ 59.
Ke2 Qh2+ 60. Kd3 Be5 61. Rfxe5 1-0

[Event "Guernsey Open"]
[Site "Guernsey GCI"]
[Date "2004.10.09"]
[Round "7"]
[White "Gravett, Alan D"]
[Black "Ruston, Mark"]
[Result "1/2-1/2"]
[WhiteElo "1960"]
[BlackElo "2114"]
[PlyCount "66"]
[EventDate "2004.10.03"]
[SourceDate "2004.10.10"]

1. g3 c5 2. c4 e6 3. Nf3 Nc6 4. Nc3 Nf6 5. Bg2 d5 6. cxd5 Nxd5 7. O-O Be7 8. a3
O-O 9. d3 Nxc3 10. bxc3 e5 11. a4 Be6 12. Ba3 c4 13. Bxe7 Qxe7 14. a5 a6 15.
Qb1 Rad8 16. Rd1 cxd3 17. exd3 Rd7 18. d4 Rfd8 19. Re1 exd4 20. Nxd4 Nxd4 21.
cxd4 Qd6 22. Qb6 Qxd4 23. Qxd4 Rxd4 24. Bxb7 Bc4 25. Reb1 h5 26. Rb6 Rd1+ 27.
Rxd1 Rxd1+ 28. Kg2 Ra1 29. Bxa6 Bd5+ 30. Kh3 Rxa5 31. Bd3 {(=)} g5 32. Rb2 Kg7
33. Rb5 Rxb5 1/2-1/2

[Event "Guernsey Open"]
[Site "Guernsey GCI"]
[Date "2004.10.09"]
[Round "7"]
[White "Morcom, HC."]
[Black "Kamps, JW."]
[Result "0-1"]
[WhiteElo "2031"]
[BlackElo "2101"]
[PlyCount "70"]
[EventDate "2004.10.03"]
[SourceDate "2004.10.10"]

1. e4 c5 2. Nf3 Nc6 3. Bb5 g6 4. O-O Bg7 5. c3 Nf6 6. Re1 O-O 7. h3 d5 8. e5
Ne8 9. d4 Qb6 10. Bxc6 bxc6 11. dxc5 Qxc5 12. Be3 Qb5 13. b4 Nc7 14. Bc5 Re8
15. a4 Qb7 16. Nbd2 Ne6 17. Nb3 Qc7 18. Qe2 a5 19. Nfd4 Nxc5 20. Nxc5 e6 21.
Rab1 Bf8 22. Ndb3 axb4 23. cxb4 Qb6 24. Rec1 Qxb4 25. Qd3 Qf4 26. Qc3 Bg7 27.
Nd3 Qf5 28. Nd4 Qh5 29. Nxc6 Ba6 30. Ncb4 Bxd3 31. Nxd3 Rxa4 32. Rb7 Rc4 33.
Qa1 Bxe5 34. Nxe5 Rxc1+ 35. Qxc1 Qxe5 0-1

[Event "Guernsey Open"]
[Site "Guernsey GCI"]
[Date "2004.10.09"]
[Round "7"]
[White "Morton, Peter S"]
[Black "Murray, JS."]
[Result "1-0"]
[WhiteElo "1824"]
[BlackElo "1824"]
[PlyCount "65"]
[EventDate "2004.10.03"]
[SourceDate "2004.10.10"]

1. e4 c5 2. g3 g6 3. Bg2 Bg7 4. Ne2 Nc6 5. O-O e6 6. c3 Nge7 7. Na3 O-O 8. Nc2
d5 9. exd5 exd5 10. d4 cxd4 11. Nexd4 Nf5 12. Nxf5 Bxf5 13. Ne3 Qd7 14. Nxf5
Qxf5 15. Qxd5 Qc2 16. Qd1 Qf5 17. Bxc6 bxc6 18. Be3 a5 19. Rc1 a4 20. Qc2 Qf3
21. Rfe1 h5 22. Bf4 Qd5 23. a3 Ra7 24. Rcd1 Qb5 25. Re4 Qf5 26. Qe2 Kh7 27. Bc1
Rb8 28. g4 hxg4 29. Qxg4 Qxg4+ 30. Rxg4 Re8 31. Kf1 Re6 32. Rh4+ Kg8 33. Rd8+
1-0

[Event "Guernsey Open"]
[Site "Guernsey GCI"]
[Date "2004.10.09"]
[Round "7"]
[White "Hamperl, Fred"]
[Black "Ippel, Cornelius J"]
[Result "1/2-1/2"]
[WhiteElo "1961"]
[BlackElo "2068"]
[PlyCount "105"]
[EventDate "2004.10.03"]
[SourceDate "2004.10.10"]

1. e4 e6 2. d4 d5 3. exd5 exd5 4. c4 Nf6 5. Nc3 Bb4 6. Bd3 O-O 7. Nge2 dxc4 8.
Bxc4 Bd6 9. O-O c6 10. Bf4 Bg4 11. f3 Bh5 12. Kh1 Qc7 13. Bxd6 Qxd6 14. Ng3
Nbd7 15. Nxh5 Nxh5 16. Ne4 Qb4 17. Bb3 Nhf6 18. Qd3 Rad8 19. Rad1 Nd5 20. Rfe1
N7f6 21. g3 h6 22. Re2 Qb6 23. Qc2 Qc7 24. Qc5 b6 25. Nxf6+ Nxf6 26. Re7 Rd7
27. Rxd7 Qxd7 28. Qe5 Re8 29. Qf4 Re2 30. Rd2 Re1+ 31. Kg2 Qe7 32. Rf2 Nd5 33.
Bxd5 cxd5 34. Qb8+ Kh7 35. Qa8 Qd7 36. Qb8 {(=)} Qe7 37. Qa8 Qd7 38. Qb8 g5 39.
Rc2 Qe7 40. Qc8 Kg7 41. Qf5 Re2+ 42. Rxe2 Qxe2+ 43. Kh3 Qe6 44. Qxe6 fxe6 45.
Kg4 Kg6 46. f4 h5+ 47. Kf3 g4+ 48. Ke3 Kf6 49. b3 a5 50. a4 Ke7 51. Kd3 {(=)}
Kd6 52. Kc3 Ke7 53. Kd3 1/2-1/2

[Event "Guernsey Open"]
[Site "Guernsey GCI"]
[Date "2004.10.09"]
[Round "7"]
[White "Burton, Ronnie"]
[Black "Downey, Keith A"]
[Result "1-0"]
[WhiteElo "2051"]
[BlackElo "1821"]
[PlyCount "57"]
[EventDate "2004.10.03"]
[SourceDate "2004.10.10"]

1. d4 Nf6 2. Nf3 e6 3. Bf4 b6 4. e3 Bb7 5. Bd3 Be7 6. Nbd2 d5 7. h3 a6 8. O-O
Nbd7 9. c3 Ne4 10. Qe2 O-O 11. Rad1 f5 12. c4 g5 13. Be5 Bf6 14. Bxf6 Qxf6 15.
cxd5 exd5 16. Nh2 Rf7 17. Nxe4 fxe4 18. Bb1 a5 19. Qc2 Ba6 20. f3 Bxf1 21. Rxf1
Qd6 22. fxe4 Raf8 23. Rxf7 Rxf7 24. e5 Qb4 25. Nf3 Nf8 26. a3 Qb5 27. Ba2 c6
28. a4 Qb4 29. Qxc6 1-0

[Event "Guernsey Open"]
[Site "Guernsey GCI"]
[Date "2004.10.09"]
[Round "7"]
[White "Wilman, Carey A"]
[Black "Jones, HCN."]
[Result "1/2-1/2"]
[WhiteElo "2049"]
[BlackElo "1664"]
[PlyCount "46"]
[EventDate "2004.10.03"]
[SourceDate "2004.10.10"]

1. d4 Nf6 2. Nf3 d5 3. g3 e6 4. Bg2 c5 5. c3 Nc6 6. Qa4 Bd7 7. Qb3 cxd4 8. cxd4
Bb4+ 9. Bd2 Qa5 10. O-O Bxd2 11. Nbxd2 O-O 12. a3 Nxd4 13. Nxd4 Qxd2 14. Rfd1
Qa5 15. Qd3 Rac8 16. f4 Qb6 17. Rd2 Rc4 18. e3 Rfc8 19. Bf3 Rc1+ 20. Rxc1 Rxc1+
21. Kg2 Rc8 22. h3 g6 23. g4 Bc6 1/2-1/2

[Event "Guernsey Open"]
[Site "Guernsey GCI"]
[Date "2004.10.09"]
[Round "7"]
[White "Key, Eric"]
[Black "Robertson, PC."]
[Result "1-0"]
[WhiteElo "1792"]
[BlackElo "1880"]
[PlyCount "63"]
[EventDate "2004.10.03"]
[SourceDate "2004.10.10"]

1. e4 c5 2. Nf3 e6 3. d4 cxd4 4. Nxd4 Bc5 5. c3 Nc6 6. Be3 Qb6 7. Nb5 Bxe3 8.
Nd6+ Kf8 9. fxe3 Qxe3+ 10. Be2 Nge7 11. Rf1 Ne5 12. Na3 N7c6 13. Nac4 Qg5 14.
Qa4 Qd8 15. O-O-O f6 16. Nxe5 Nxe5 17. Qd4 Kg8 18. Qf2 Qe7 19. Bh5 b6 20. Be2
h6 21. g4 Kh7 22. h4 Rf8 23. Qg2 g5 24. Rh1 gxh4 25. Rxh4 Rg8 26. Qh3 Rg6 27.
Nf5 exf5 28. gxf5 Qf8 29. fxg6+ Nxg6 30. Rh5 d5 31. Bg4 Nf4 32. Bf5+ 1-0

[Event "Guernsey Open"]
[Site "Guernsey GCI"]
[Date "2004.10.09"]
[Round "7"]
[White "Goris Schouwstra, A."]
[Black "Twitchell, DJ."]
[Result "1/2-1/2"]
[WhiteElo "1897"]
[BlackElo "1792"]
[PlyCount "155"]
[EventDate "2004.10.03"]
[SourceDate "2004.10.10"]

1. d4 d5 2. Nf3 Nf6 3. c4 e6 4. a3 c5 5. cxd5 exd5 6. dxc5 Bxc5 7. e3 O-O 8.
Be2 Nc6 9. b4 Bb6 10. Bb2 Be6 11. O-O Qe7 12. Nbd2 Rfd8 13. Nb3 Bg4 14. Rc1 Ne4
15. h3 Bxf3 16. Bxf3 Nxf2 17. Rxf2 Bxe3 18. Rcc2 d4 19. Bxc6 bxc6 20. Nc5 Rd5
21. Nd3 Rf5 22. Bc1 Bxf2+ 23. Rxf2 Rxf2 24. Nxf2 Re8 25. Kf1 Qd6 26. Qd3 Rd8
27. Ne4 Qg6 28. Nf2 Qf6 29. Kg1 h6 30. Bd2 Rd5 31. Qg3 Kh7 32. Qd3+ Kh8 33. Ng4
Qe6 34. Nf2 f5 35. Kf1 Qd7 36. Bf4 c5 37. bxc5 Rxc5 38. Bd2 Qa4 39. Kg1 Kh7 40.
Kh2 Qc2 41. Qxd4 Rc4 42. Qd6 Rc6 43. Qf4 Re6 44. h4 Re2 45. Be3 Qc8 46. Bxa7 g5
47. hxg5 hxg5 48. Qg3 Qd7 49. Bc5 Qd5 50. Qc7+ Kg6 51. Bf8 Qf7 52. Qxf7+ Kxf7
53. Bc5 Rc2 54. Nd3 Rc3 55. Ne5+ Ke6 56. Bd4 Rxa3 57. Nf3 g4 58. Ng5+ Kd5 59.
Bf2 f4 60. Bh4 Ke5 61. Be1 Kf5 62. Bh4 Re3 63. Nf7 Rd3 64. Nh6+ Kg6 65. Nxg4
Kh5 66. Ne5 Re3 67. Bf6 Re2 68. Nf3 Kg6 69. Bd4 Ra2 70. Bg1 Ra8 71. Bf2 Rh8+
72. Kg1 Ra8 73. Kf1 Ra2 74. Be1 Rb2 75. Ne5+ Kf5 76. Nd3 Rc2 77. Nf2 Ke5 78.
Nh3 1/2-1/2

[Event "Guernsey Open"]
[Site "Guernsey GCI"]
[Date "2004.10.09"]
[Round "7"]
[White "Heath, Jeffrey"]
[Black "Goldberg, Menashe"]
[Result "1/2-1/2"]
[WhiteElo "2019"]
[BlackElo "2005"]
[PlyCount "106"]
[EventDate "2004.10.03"]
[SourceDate "2004.10.10"]

1. e4 c6 2. d4 d5 3. Nc3 dxe4 4. Nxe4 Nf6 5. Nxf6+ gxf6 6. Bf4 Bf5 7. c3 Nd7 8.
Nf3 Qb6 9. Bd3 Bxd3 10. Qxd3 O-O-O 11. O-O-O Qa5 12. Kb1 Rg8 13. g3 Qh5 14. Qe3
Qf5+ 15. Ka1 Nb6 16. Qe2 e6 17. Nh4 Qa5 18. Qc2 Qh5 19. Rde1 Bg7 20. Bc1 Bh8
21. f4 f5 22. Qf2 Rd5 23. Nf3 Rgd8 24. Rhf1 Kc7 25. Qc2 Qg4 26. Be3 Qg8 27. c4
R5d7 28. Ne5 Bxe5 29. fxe5 Qg6 30. Qc3 Kb8 31. Rc1 Qg4 32. h3 Qe2 33. Rf2 Qh5
34. Rf4 Qe2 35. Bg1 c5 36. d5 exd5 37. Qe3 Qxe3 38. Bxe3 Nxc4 39. Bxc5 Nxe5 40.
Rxf5 Nd3 41. Rc3 Nxc5 42. Rxc5 d4 43. Rc2 d3 44. Rd2 Kc7 45. b3 Kc6 46. Kb2 b5
47. b4 Re8 48. Kc3 Re3 49. Rf4 Kd5 50. Rd4+ Ke6 51. Rxd7 Kxd7 52. Rxd3+ Rxd3+
53. Kxd3 Kd6 1/2-1/2